<?xml version="1.0" encoding="UTF-8"?>
<record
    xmlns:xsi="http://www.w3.org/2001/XMLSchema-instance"
    xsi:schemaLocation="http://www.loc.gov/MARC21/slim http://www.loc.gov/standards/marcxml/schema/MARC21slim.xsd"
    xmlns="http://www.loc.gov/MARC21/slim">

  <leader>00380nam a2200145Ia 4500</leader>
  <controlfield tag="008">230211s9999    xx            000 0 und d</controlfield>
  <datafield tag="020" ind1=" " ind2=" ">
    <subfield code="a">978-0-143-41457-5</subfield>
  </datafield>
  <datafield tag="041" ind1=" " ind2=" ">
    <subfield code="a">eng</subfield>
  </datafield>
  <datafield tag="082" ind1=" " ind2=" ">
    <subfield code="a">823</subfield>
  </datafield>
  <datafield tag="100" ind1=" " ind2=" ">
    <subfield code="a">Ferris J Ed.</subfield>
    <subfield code="9">119758</subfield>
  </datafield>
  <datafield tag="245" ind1=" " ind2=" ">
    <subfield code="a">Ask Me Anything : Every Fact You Ever Wanted To Know</subfield>
  </datafield>
  <datafield tag="260" ind1=" " ind2=" ">
    <subfield code="b">Dorling Kindersley Limited</subfield>
    <subfield code="c">2011</subfield>
  </datafield>
  <datafield tag="300" ind1=" " ind2=" ">
    <subfield code="a">304p</subfield>
  </datafield>
  <datafield tag="906" ind1=" " ind2=" ">
    <subfield code="b">67.0 </subfield>
  </datafield>
  <datafield tag="999" ind1=" " ind2=" ">
    <subfield code="c">98236</subfield>
    <subfield code="d">98236</subfield>
  </datafield>
  <datafield tag="952" ind1=" " ind2=" ">
    <subfield code="0">0</subfield>
    <subfield code="1">0</subfield>
    <subfield code="4">0</subfield>
    <subfield code="7">3</subfield>
    <subfield code="a">BNCA</subfield>
    <subfield code="b">BNCA</subfield>
    <subfield code="d">2011-01-18</subfield>
    <subfield code="e">IBEX</subfield>
    <subfield code="o">823</subfield>
    <subfield code="p">BNCA-YC-133</subfield>
    <subfield code="r">2023-02-11 00:00:00</subfield>
    <subfield code="v">395.67</subfield>
    <subfield code="w">2023-02-11</subfield>
    <subfield code="y">YC</subfield>
    <subfield code="z">YC00133</subfield>
  </datafield>
</record>
